000 005290000a22001930004500
020 _a1-56063-397-2
041 0 _aSPA
082 0 4 _aG 266 T2381m
100 1 _aTaylor, Guillermo D.
245 1 0 _aLas misiones mundiales : Un curso introductorio de diez lecciones / Guillermo Taylor, Eugenia Campos
250 _a4
260 _aMiami, FL., USA : Unilit
300 _a85 Pag
001 7321
942 _cBK
999 _c37537
_d37537
336 _atexto
_btxt
_2rdacontent
337 _2rdamedia
_asin mediación
_bn
338 _2rdacarrier
_avolumen
_bnc